00688nam a2200229Ia 4500008004100000020001800041100001600059245002600075245001900101260001500120260002000135260000900155300001600164300002700180300001600207500007200223650002000295650002500315700000800340999001900348952009100367160803s9999 xx 000 0 und d a9780516245058 aFoley, Cate aLet's go to the zoo / cby Cate Foley. aNew York : bScholastic Inc. c2001 a24 pages :  bcolor illustrations ;  c16 x 18 cm. aReprint: Originally published: New York : Children's Press, ©2001. aZoo animals --  xJuvenile literature. a100 c298996d298996 001040aSSISBbSSISBcLEXd2016-08-03l0pSC-922r2016-08-03 00:00:00w2016-08-03yBK